000 00945cam a2200301 a 4500
001 4413
005 20240821135550.0
020 _a0590411551 (pbk.) :
040 _aDLC
_cDLC
_dDLC
_beng
050 0 0 _aPZ8.C54
082 0 0 _a398.245293233
100 _aWallner, John
245 0 0 _aCity mouse-country mouse and two more mouse tales from Aesop /
_cpictures by John Wallner.
250 _aFirst Scholastic printing, December 1987
260 _aNew York :
_bScholastic ;
_c1970 .
300 _a32 pages :
_bcolor illustrations ;
_c21 cm.
505 _aJ
520 _aCity mouse-country mouse -- The lion and the mouse -- Belling the cat.
521 _a500
_bLexile AD
521 _aJ
_bRaz-Plus
650 1 _aFables.
650 1 _aMice
_xFolklore.
650 1 _aFolklore.
700 1 _aWallner, John
_d1945-
_eillustrator
700 0 _aAesop.
906 _a7
_bcbc
_corignew
_d2
_encip
_f19
_gy-gencatlg
942 _2ddc
_cBK
_n0
999 _c4413
_d4413